000 00727cam a22002413a 4500
001 10279
003 PGUSA
005 20140828083222.0
008 031101s2003||||xxu|||||s|||||000 | eng d
040 _aPGUSA
_beng
042 _adc
050 4 _aPS
100 1 _aSpencer, Len,
_d1867-1914
245 1 0 _aUncle Tom's Cabin :
_bEntrance of Topsy
_h[electronic resource] /
_cLen Spencer
260 _bProject Gutenberg,
_c2003
500 _aRecorded c. December 1910.
506 _aPublic domain in the USA.
516 _aElectronic text
653 _aStowe, Harriet Beecher, 1811-1896. Uncle Tom's cabin. Selections
830 0 _aProject Gutenberg
_v10279
856 4 0 _uhttp://www.gutenberg.org/ebooks/10279
942 _cEB
999 _c239534
_d239534